<?xml version="1.0" encoding="UTF-8"?>
<marc:record xmlns:marc="http://www.loc.gov/MARC21/slim">
   <marc:leader>00000nam a2200000 a 4500</marc:leader>
   <marc:datafield ind1="1" ind2=" " tag="100">
      <marc:subfield code="a">Amann, Erwin</marc:subfield>
      <marc:subfield code="4">aut</marc:subfield>
      <marc:subfield code="e">Verfasser/-in</marc:subfield>
   </marc:datafield>
   <marc:datafield ind1="1" ind2=" " tag="100">
      <marc:subfield code="a">Helbach, Christoph</marc:subfield>
      <marc:subfield code="4">aut</marc:subfield>
      <marc:subfield code="e">Verfasser/-in</marc:subfield>
   </marc:datafield>
   <marc:datafield ind1=" " ind2=" " tag="653">
      <marc:subfield code="a">Spieltheorie</marc:subfield>
   </marc:datafield>
   <marc:datafield ind1=" " ind2=" " tag="653">
      <marc:subfield code="a">Lehrbuch</marc:subfield>
   </marc:datafield>
   <marc:datafield ind1="0" ind2="0" tag="245">
      <marc:subfield code="a">Spieltheorie für Dummies</marc:subfield>
   </marc:datafield>
   <marc:datafield ind1="0" ind2="0" tag="245">
      <marc:subfield code="b">auf einen Blick: wie Sie spielend die Welt erklären ; wie Sie sich strategisch verhalten ; wie Sie auch komplexe Situationen spielerisch lösen ; Mathematik als strategisches Werkzeug</marc:subfield>
   </marc:datafield>
   <marc:datafield ind1="0" ind2="0" tag="245">
      <marc:subfield code="c">Erwin Amann und Christoph Helbach. Fachkorr. von Sascha Kurz</marc:subfield>
   </marc:datafield>
   <marc:datafield ind1=" " ind2="1" tag="264">
      <marc:subfield code="a">Weinheim</marc:subfield>
      <marc:subfield code="b">Wiley-VCH-Verl.</marc:subfield>
      <marc:subfield code="c">2012</marc:subfield>
   </marc:datafield>
   <marc:datafield ind1=" " ind2=" " tag="250">
      <marc:subfield code="a">1. Aufl.</marc:subfield>
   </marc:datafield>
   <marc:datafield ind1="1" ind2=" " tag="520">
      <marc:subfield code="a">Angaben aus der Verlagsmeldung

Spieltheorie für Dummies. / von Erwin Amann

Spielend einfach zu verstehen ist sie nicht die Spieltheorie, aber man braucht Sie häufig, um soziale Zusammenhänge zu verstehen. Erwin Amann erklärt Ihnen, was Sie zur Spieltheorie wissen müssen. Er gibt Ihnen eine Einführung in die mathematischen Grundlagen, erklärt wann und wo Spiele nützlich sind und gibt Ihnen an die Hand was Sie über unglaubwürdige Drohungen, unvollkommene Informationen und Co. wissen sollten. Sie erfahren außerdem, was Sie über komplexe Spiele wissen müssen, und was es mit der evolutionären und der experimentellen Spieltheorie auf sich hat, was bayesianische Spiele sind und vieles mehr. Mit diesem Wissen gerüstet, werden Sie sich leichtfüßig auf dem Gebiet der Spieltheorie bewegen und müssen weder Spiele noch Klausuren fürchen.
</marc:subfield>
   </marc:datafield>
   <marc:datafield ind1=" " ind2=" " tag="020">
      <marc:subfield code="a">9783527706372</marc:subfield>
      <marc:subfield code="9">9783527706372</marc:subfield>
   </marc:datafield>
   <marc:datafield ind1=" " ind2=" " tag="020">
      <marc:subfield code="a">3527706372</marc:subfield>
      <marc:subfield code="9">3527706372</marc:subfield>
   </marc:datafield>
   <marc:datafield ind1=" " ind2=" " tag="041">
      <marc:subfield code="a">ger</marc:subfield>
   </marc:datafield>
   <marc:datafield ind1=" " ind2=" " tag="300">
      <marc:subfield code="a">314 S.</marc:subfield>
   </marc:datafield>
</marc:record>
